000 00692nam a22001937a 4500
005 20100810111126.0
010 _aENG-99356
020 _a9789380243368
_c130.00
035 _aEN-82888
037 _bDBAD/PUB
082 _a346.066
100 _aSenthil,PL
_99831
245 _aCompany law /
_cby PL Senthil
260 _aTiruchirappalli
_bRaja Publications
_c2009
270 _a4/1 S S H Shelter Hazarath Abdul Salam Street Khajanagar
_bTiruchirappalli
_e620020
300 _a203p
_c20cm(pbk)
942 _2ddc
_cEN
_h346.066
_mSEN
999 _c40530
_d40530